<?xml version="1.0" encoding="UTF-8"?>
<collection xmlns="http://www.loc.gov/MARC21/slim">
    <record>
        <controlfield tag="001">65255</controlfield>
        <controlfield tag="005">20200113145620.0</controlfield>
        <datafield tag="024" ind1="7" ind2=" ">
            <subfield code="2">doi</subfield>
            <subfield code="a">10.5209/RCED.52032</subfield>
        </datafield>
        <datafield tag="024" ind1="8" ind2=" ">
            <subfield code="2">sideral</subfield>
            <subfield code="a">104210</subfield>
        </datafield>
        <datafield tag="037" ind1=" " ind2=" ">
            <subfield code="a">ART-2018-104210</subfield>
        </datafield>
        <datafield tag="041" ind1=" " ind2=" ">
            <subfield code="a">spa</subfield>
        </datafield>
        <datafield tag="100" ind1=" " ind2=" ">
            <subfield code="0">(orcid)0000-0002-9685-8399</subfield>
            <subfield code="a">Liesa Orús, M.</subfield>
            <subfield code="u">Universidad de Zaragoza</subfield>
        </datafield>
        <datafield tag="245" ind1=" " ind2=" ">
            <subfield code="a">Sistemas de ayuda entre iguales con poblaciones de niños del espectro autista en escuelas inclusivas. Una revisión sistemática</subfield>
        </datafield>
        <datafield tag="260" ind1=" " ind2=" ">
            <subfield code="c">2018</subfield>
        </datafield>
        <datafield tag="506" ind1="0" ind2=" ">
            <subfield code="a">Access copy available to the general public</subfield>
            <subfield code="f">Unrestricted</subfield>
        </datafield>
        <datafield tag="520" ind1="3" ind2=" ">
            <subfield code="a">As a result of inclusion-oriented policies, in recent years a growing interest in all children learn together in schools is detected. Concretizing for the population of children with Autism Spectrum Disorders, this approach has led a rejection of more individualized to let emerge an educational inclusive perspective, emphasizing the importance of peer influence with typical development (TD) in their social and communicative skills. The pedagogic use of peer support systems involves teaching a series of strategies and guidelines to children without difficulties in order to facilitate the social interaction of children wits ASD. In this way, in this systematic review it appears the systematic analysis of 11 empirical studies using support and peer assistance with children with ASD in inclusive school settings. After data extraction, certain differences are found in the type of training given to children with TD and in activities implemented with peers with ASD, depending on educational stage where they are and the place where the intervention is implemented. For both educational stages (elementary and primary), role-playing and modeling are the two most commonly adopted procedures to training peers who are going to implement later the peer support system with children with TEA. At the time of implementing these interventions, the type of activity par excellence used in the kindergarten stage, is the game, while more complex activities such as reinforcing communicative attempts and attracting attention, are introduced in primary.</subfield>
        </datafield>
        <datafield tag="540" ind1=" " ind2=" ">
            <subfield code="9">info:eu-repo/semantics/openAccess</subfield>
            <subfield code="a">by</subfield>
            <subfield code="u">http://creativecommons.org/licenses/by/3.0/es/</subfield>
        </datafield>
        <datafield tag="592" ind1=" " ind2=" ">
            <subfield code="a">0.569</subfield>
            <subfield code="b">2018</subfield>
        </datafield>
        <datafield tag="593" ind1=" " ind2=" ">
            <subfield code="a">Education</subfield>
            <subfield code="c">2018</subfield>
            <subfield code="d">Q2</subfield>
        </datafield>
        <datafield tag="655" ind1=" " ind2="4">
            <subfield code="a">info:eu-repo/semantics/review</subfield>
            <subfield code="v">info:eu-repo/semantics/publishedVersion</subfield>
        </datafield>
        <datafield tag="700" ind1=" " ind2=" ">
            <subfield code="0">(orcid)0000-0002-6083-8759</subfield>
            <subfield code="a">Latorre Cosculluela, C.</subfield>
            <subfield code="u">Universidad de Zaragoza</subfield>
        </datafield>
        <datafield tag="700" ind1=" " ind2=" ">
            <subfield code="0">(orcid)0000-0003-2206-2299</subfield>
            <subfield code="a">Vázquez Toledo, S.</subfield>
            <subfield code="u">Universidad de Zaragoza</subfield>
        </datafield>
        <datafield tag="710" ind1="2" ind2=" ">
            <subfield code="1">4001</subfield>
            <subfield code="2">215</subfield>
            <subfield code="a">Universidad de Zaragoza</subfield>
            <subfield code="b">Dpto. Ciencias de la Educación</subfield>
            <subfield code="c">Área Didáctica y Organiz. Esc.</subfield>
        </datafield>
        <datafield tag="773" ind1=" " ind2=" ">
            <subfield code="g">29, 1 (2018), 97-111</subfield>
            <subfield code="p">Rev. complut. educ.</subfield>
            <subfield code="t">Revista Complutense de Educacion</subfield>
            <subfield code="x">1130-2496</subfield>
        </datafield>
        <datafield tag="856" ind1="4" ind2=" ">
            <subfield code="s">409491</subfield>
            <subfield code="u">http://zaguan.unizar.es/record/65255/files/texto_completo.pdf</subfield>
            <subfield code="y">Versión publicada</subfield>
        </datafield>
        <datafield tag="856" ind1="4" ind2=" ">
            <subfield code="s">69022</subfield>
            <subfield code="u">http://zaguan.unizar.es/record/65255/files/texto_completo.jpg?subformat=icon</subfield>
            <subfield code="x">icon</subfield>
            <subfield code="y">Versión publicada</subfield>
        </datafield>
        <datafield tag="909" ind1="C" ind2="O">
            <subfield code="o">oai:zaguan.unizar.es:65255</subfield>
            <subfield code="p">articulos</subfield>
            <subfield code="p">driver</subfield>
        </datafield>
        <datafield tag="951" ind1=" " ind2=" ">
            <subfield code="a">2020-01-13-14:55:33</subfield>
        </datafield>
        <datafield tag="980" ind1=" " ind2=" ">
            <subfield code="a">ARTICLE</subfield>
        </datafield>
    </record>

    
</collection>